<?xml version="1.0" encoding="UTF-8"?><?xml-stylesheet type="text/xsl" href="static/style.xsl"?><OAI-PMH xmlns="http://www.openarchives.org/OAI/2.0/" xmlns:xsi="http://www.w3.org/2001/XMLSchema-instance" xsi:schemaLocation="http://www.openarchives.org/OAI/2.0/ http://www.openarchives.org/OAI/2.0/OAI-PMH.xsd"><responseDate>2026-04-13T18:25:07Z</responseDate><request verb="GetRecord" identifier="oai:www.recercat.cat:10230/45470" metadataPrefix="marc">https://recercat.cat/oai/request</request><GetRecord><record><header><identifier>oai:recercat.cat:10230/45470</identifier><datestamp>2025-12-25T19:58:02Z</datestamp><setSpec>com_2072_6</setSpec><setSpec>col_2072_452954</setSpec></header><metadata><record xmlns="http://www.loc.gov/MARC21/slim" xmlns:dcterms="http://purl.org/dc/terms/" xmlns:xsi="http://www.w3.org/2001/XMLSchema-instance" xmlns:doc="http://www.lyncode.com/xoai" xsi:schemaLocation="http://www.loc.gov/MARC21/slim http://www.loc.gov/standards/marcxml/schema/MARC21slim.xsd">
   <leader>00925njm 22002777a 4500</leader>
   <datafield ind2=" " ind1=" " tag="042">
      <subfield code="a">dc</subfield>
   </datafield>
   <datafield ind2=" " ind1=" " tag="720">
      <subfield code="a">Gargallo Miranda, Alba</subfield>
      <subfield code="e">author</subfield>
   </datafield>
   <datafield ind2=" " ind1=" " tag="260">
      <subfield code="c">2020-10-13T10:02:46Z</subfield>
   </datafield>
   <datafield ind2=" " ind1=" " tag="260">
      <subfield code="c">2020-10-13T10:02:46Z</subfield>
   </datafield>
   <datafield ind2=" " ind1=" " tag="260">
      <subfield code="c">2020</subfield>
   </datafield>
   <datafield ind2=" " ind1=" " tag="520">
      <subfield code="a">Treball de Fi de Grau en Dret. Curs 2019-2020</subfield>
   </datafield>
   <datafield ind2=" " ind1=" " tag="520">
      <subfield code="a">Tutors: Ana Belén Macho Pérez i Juan Cano García</subfield>
   </datafield>
   <datafield ind2=" " ind1=" " tag="520">
      <subfield code="a">El present treball estudia com l’Impost sobre el Valor Afegit (IVA) aborda els nous reptes que planteja el comerç electrònic transfronterer. Per tal de realitzar aquest estudi s&amp;apos;analitza la normativa nacional i europea de l’Impost sobre el Valor Afegit, avaluant l&amp;apos;impacte que té per a les empreses la consagració del principi de tributació en destí i la possibilitat d&amp;apos;utilitzar el règim especial de la “Mini Finestreta Única” per facilitar la declaració. Aquest nou règim presenta certes debilitats, algunes de les quals han estat detectades per la Comissió Europea, la qual al 2017 va promulgar un nou cos normatiu per donar-hi resposta.</subfield>
   </datafield>
   <datafield ind2=" " ind1=" " tag="520">
      <subfield code="a">The present study examines how Value Added Tax (VAT) addresses the new challenges posed by cross-border e-commerce. In order to carry out this study, an analysis is conducted based on the national and European regulations of the Value Added Tax, evaluating the impact that the consecration of the principle of taxation in destination and the possibility of using the &amp;quot;Mini One-Stop Shop&amp;quot; regime to simplify tax submission. This new regime has certain weaknesses, some of which have been detected by the European Commission, which in 2017 enacted a new regulatory body in response to them.</subfield>
   </datafield>
   <datafield tag="653" ind2=" " ind1=" ">
      <subfield code="a">Treball de fi de grau – Curs 2019-2020</subfield>
   </datafield>
   <datafield tag="653" ind2=" " ind1=" ">
      <subfield code="a">Impost sobre el valor afegit</subfield>
   </datafield>
   <datafield tag="653" ind2=" " ind1=" ">
      <subfield code="a">Telecomunicació</subfield>
   </datafield>
   <datafield tag="653" ind2=" " ind1=" ">
      <subfield code="a">Comunicacions mòbils, Sistemes de</subfield>
   </datafield>
   <datafield tag="653" ind2=" " ind1=" ">
      <subfield code="a">Radiodifusió</subfield>
   </datafield>
   <datafield tag="653" ind2=" " ind1=" ">
      <subfield code="a">Comunicacions</subfield>
   </datafield>
   <datafield tag="653" ind2=" " ind1=" ">
      <subfield code="a">Comunicació audiovisual</subfield>
   </datafield>
   <datafield tag="653" ind2=" " ind1=" ">
      <subfield code="a">Règim especial MOSS (Mini Finestreta Única)</subfield>
   </datafield>
   <datafield ind2="0" ind1="0" tag="245">
      <subfield code="a">L’impost sobre el valor afegit en el comerç electrònic : consideracions sobre el règim especial de la “Mini Finestreta Única” (règim MOSS) i perspectives de futur</subfield>
   </datafield>
</record></metadata></record></GetRecord></OAI-PMH>